<?xml version="1.0" encoding="UTF-8"?>
<record
    xmlns:xsi="http://www.w3.org/2001/XMLSchema-instance"
    xsi:schemaLocation="http://www.loc.gov/MARC21/slim http://www.loc.gov/standards/marcxml/schema/MARC21slim.xsd"
    xmlns="http://www.loc.gov/MARC21/slim">

  <leader>02528nam a2200421 i 4500</leader>
  <controlfield tag="003">CO-BoRNBP</controlfield>
  <controlfield tag="005">20220317001703.0</controlfield>
  <controlfield tag="007">ta</controlfield>
  <controlfield tag="008">210828s20072016ck ao  er       1   spa d             spa</controlfield>
  <datafield tag="020" ind1=" " ind2=" ">
    <subfield code="a">9588203279</subfield>
  </datafield>
  <datafield tag="020" ind1=" " ind2=" ">
    <subfield code="a">9589608671</subfield>
  </datafield>
  <datafield tag="040" ind1=" " ind2=" ">
    <subfield code="a">CO-BoRNBP</subfield>
    <subfield code="b">spa</subfield>
    <subfield code="e">rda</subfield>
    <subfield code="c">CO-BoRNBP</subfield>
  </datafield>
  <datafield tag="041" ind1="0" ind2=" ">
    <subfield code="a">spa</subfield>
  </datafield>
  <datafield tag="082" ind1="0" ind2="4">
    <subfield code="a">632.6 </subfield>
    <subfield code="b">C65</subfield>
    <subfield code="2">23</subfield>
  </datafield>
  <datafield tag="245" ind1="0" ind2="0">
    <subfield code="a">Control de plagas y enfermedades en los cultivos</subfield>
    <subfield code="c">Colaboradores Instituto Colombiano Agropecuario. ICA, Guillermo A. Le&#xF3;n M. (y otros cuarenta y dos) ; fotograf&#xED;a Jack K. clark, Sonia Patricia Tapias T., Felipe Dur&#xE1;n Ram&#xED;rez, Mar&#xED;a Helena Delgado G&#xF3;mez</subfield>
  </datafield>
  <datafield tag="250" ind1=" " ind2=" ">
    <subfield code="a">Primera edici&#xF3;n</subfield>
  </datafield>
  <datafield tag="264" ind1=" " ind2="1">
    <subfield code="a">Bogot&#xE1;, Colombia</subfield>
    <subfield code="b">Grupo Latino</subfield>
    <subfield code="c">2007</subfield>
  </datafield>
  <datafield tag="264" ind1=" " ind2="4">
    <subfield code="c">&#xA9;2016</subfield>
  </datafield>
  <datafield tag="300" ind1=" " ind2=" ">
    <subfield code="a">768 p&#xE1;ginas</subfield>
    <subfield code="b">ilustraciones, fotograf&#xED;as a color</subfield>
    <subfield code="c">28 cm</subfield>
  </datafield>
  <datafield tag="336" ind1=" " ind2=" ">
    <subfield code="a">texto</subfield>
    <subfield code="b">txt</subfield>
    <subfield code="2">rdacontent</subfield>
  </datafield>
  <datafield tag="337" ind1=" " ind2=" ">
    <subfield code="a">sin mediaci&#xF3;n</subfield>
    <subfield code="b">n</subfield>
    <subfield code="2">rdamedia</subfield>
  </datafield>
  <datafield tag="338" ind1=" " ind2=" ">
    <subfield code="a">volumen</subfield>
    <subfield code="b">nc</subfield>
    <subfield code="2">rdacarrier</subfield>
  </datafield>
  <datafield tag="490" ind1="0" ind2=" ">
    <subfield code="a">Volvamos al campo</subfield>
  </datafield>
  <datafield tag="504" ind1=" " ind2=" ">
    <subfield code="a">Incluye referencias bibliogr&#xE1;ficas</subfield>
  </datafield>
  <datafield tag="505" ind1="0" ind2=" ">
    <subfield code="t">Enemigos naturales</subfield>
    <subfield code="t">Control de plagas</subfield>
    <subfield code="t">Manual de detecci&#xF3;n de moscas de las frutas </subfield>
    <subfield code="t">Signos de las deficiencias nutricionales en cacao</subfield>
    <subfield code="t">Plagas y enfermedades en pl&#xE1;tano</subfield>
    <subfield code="t">Manejo fitosanitario de enfermedades y plagas en mango</subfield>
    <subfield code="t">Manejo fitosanitario de frutales y caducifolios</subfield>
    <subfield code="t">Control de plagas y enfermedades del guan&#xE1;bano</subfield>
    <subfield code="t">Control de enfermedades en mel&#xF3;n y papaya</subfield>
    <subfield code="t">Control de plagas y enfermedades en la pi&#xF1;a </subfield>
    <subfield code="t">Manejo integrado del algodonero con &#xE9;nfasis en picudo</subfield>
    <subfield code="t">Plagas y enfermedades en frutas tropicales</subfield>
    <subfield code="t">Enfermedades de la mora</subfield>
    <subfield code="t">Control de plagas y enfermedades en ma&#xED;z y sorgo </subfield>
    <subfield code="t">Enfermedades y plagas de las hortalizas</subfield>
    <subfield code="t">Enfermedades del cocotero y la palma de cera  Estaci&#xF3;n de cuarentena cerrada</subfield>
    <subfield code="t">Manejo y control de la hormiga loca</subfield>
    <subfield code="t">La enfermedad del caf&#xE9;</subfield>
    <subfield code="t"> La enfermedad del caf&#xE9;</subfield>
    <subfield code="t">Plagas y enfermedades de la papa</subfield>
    <subfield code="t"> Alelopat&#xED;a</subfield>
  </datafield>
  <datafield tag="521" ind1=" " ind2=" ">
    <subfield code="a">Recomendado para un p&#xFA;blico adulto </subfield>
  </datafield>
  <datafield tag="650" ind1="1" ind2="7">
    <subfield code="a">Agricultura</subfield>
    <subfield code="x">Enfermedades y plagas</subfield>
    <subfield code="2">ARMARC</subfield>
  </datafield>
  <datafield tag="650" ind1="1" ind2="7">
    <subfield code="a">Control de plagas</subfield>
    <subfield code="2">ARMARC</subfield>
  </datafield>
  <datafield tag="650" ind1="1" ind2="7">
    <subfield code="a">Control de plagas en plantas</subfield>
    <subfield code="2">ARMARC</subfield>
  </datafield>
  <datafield tag="650" ind1="1" ind2="7">
    <subfield code="a">&#xC1;rboles frutales</subfield>
    <subfield code="x">Enfermedades y plagas</subfield>
    <subfield code="2">ARMARC</subfield>
  </datafield>
  <datafield tag="650" ind1="1" ind2="7">
    <subfield code="a">Patolog&#xED;a vegetal</subfield>
    <subfield code="2">ARMARC</subfield>
  </datafield>
  <datafield tag="700" ind1="1" ind2=" ">
    <subfield code="a">Le&#xF3;n M., Guillermo A</subfield>
    <subfield code="e">colaborador</subfield>
    <subfield code="9">15569</subfield>
  </datafield>
  <datafield tag="700" ind1="1" ind2=" ">
    <subfield code="a">Tapias T.,  Sonia Patricia</subfield>
    <subfield code="e">Fot&#xF3;grafa</subfield>
    <subfield code="9">204778</subfield>
  </datafield>
  <datafield tag="700" ind1="1" ind2=" ">
    <subfield code="a">Ram&#xED;rez, Tapias T., Felipe Dur&#xE1;n</subfield>
    <subfield code="e">fot&#xF3;grafo</subfield>
    <subfield code="9">204779</subfield>
  </datafield>
  <datafield tag="700" ind1="1" ind2=" ">
    <subfield code="a">Delgado G&#xF3;mez, Mar&#xED;a Helena</subfield>
    <subfield code="e">Fot&#xF3;grafa</subfield>
    <subfield code="9">204780</subfield>
  </datafield>
  <datafield tag="710" ind1=" " ind2="2">
    <subfield code="a">Instituto Colombiano Agropecuario</subfield>
    <subfield code="9">204781</subfield>
  </datafield>
  <datafield tag="942" ind1=" " ind2=" ">
    <subfield code="2">ddc</subfield>
    <subfield code="c">BK</subfield>
  </datafield>
  <datafield tag="999" ind1=" " ind2=" ">
    <subfield code="c">7774</subfield>
    <subfield code="d">7774</subfield>
  </datafield>
  <datafield tag="952" ind1=" " ind2=" ">
    <subfield code="0">0</subfield>
    <subfield code="1">0</subfield>
    <subfield code="2">ddc</subfield>
    <subfield code="4">0</subfield>
    <subfield code="7">0</subfield>
    <subfield code="8">GEN</subfield>
    <subfield code="a">MECASARI</subfield>
    <subfield code="b">MECASARI</subfield>
    <subfield code="c">GEN</subfield>
    <subfield code="d">2024-11-10</subfield>
    <subfield code="l">0</subfield>
    <subfield code="o">632.6   L42C </subfield>
    <subfield code="p">BM0001441</subfield>
    <subfield code="r">2024-11-10 10:36:29</subfield>
    <subfield code="t">Ej.1</subfield>
    <subfield code="w">2024-11-10</subfield>
    <subfield code="y">BK</subfield>
  </datafield>
</record>
